000 00243nam a2200097Ia 4500
008 230915s9999 xx 000 0 und d
050 _aRG 524 .M95 200 C.1
100 _aMARSHALL,JAYNE E.
245 0 _aMYLES TEXTBOOK FOR MIDWIVES
942 _cBK
999 _c198797
_d198797